Statistics for I Was Raised by Television Volume 6: The Crime Show Edition

Click here to take the quiz!

General Stats

  • This quiz has been taken 78 times
  • The average score is 8 of 17

Answer Stats

HintAnswer% Correct
Debra, Angel, Vince, DexterDexter
77%
Leroy Gibbs, Abby, Tony, Timothy McGeeNCIS
70%
Crocket, Tubbs, Switek, CastilloMiami Vice
67%
Hank Schrader, Steve Gomez, Walter White, Saul GoodmanBreaking Bad
65%
Briscoe, Logan, Lt. Van Buran, McCoy, OlivetLaw & Order
65%
Temperance Brennan, Seeley Booth, Angela Montenegro, Jack HodginsBones
62%
Olivia, Finn, Munch, Elliot, Lt. CragenLaw & Order: Special Victims Unit
62%
Hotchner, Morgan, Reid, Garcia, RossiCriminal Minds
52%
Sipowicz, Medavoy, Kelly, A.D.A. HeywoodNYPD Blue
50%
Sherlock, Joan, Marcus, Kitty, IreneElementary
42%
Patrick Jane, Teresa Lisbon, Grace Van Pelt, Kimball choThe Mentalist
40%
Goren, Eames, Logan, Wheeler, BishopLaw & Order: Criminal Intent
33%
Stringer Bell, Omar Little, Bubbles, Cedric DanielsThe Wire
30%
Nicholas Brody, Carrie Mathison, Jessica Brody, Saul BerensonHomeland
22%
Brenda Leigh, Fritz, Lt. Gabriel, Lt. Flynn, Will PopeThe Closer
20%
Rusty, Sharon Raydor, Mike Tao, Louie Provenza, Amy SykesMajor Crimes
17%
Jim Longworth, Callie Cargill, Carlos Gomez, Intern Daniel GreenThe Glades
10%

Score Distribution

Percentile by Number Answered

Percent of People with Each Score

Your Score History

You have not taken this quiz